Coffee Trivia Multiple Choice - Statistics

General Stats
  • This quiz has been taken 70 times
  • The average score is 6 of 10
Answer Stats
Question Answer % Correct
What region of the world in generally credited with discovering coffee? Arabia
75%
What language did the word, 'Coffee' evolve from? Arabic
75%
The chemical formula for an important component in both chocolate and coffee is C8H10N402. what is the common name for this drug of choice in the United States? Caffeine
75%
What is an Espresso? A brewing method where water is forced through the coffee grounds
70%
What color is a ripe coffee cherry? Red
70%
Which country produces about one third of the world's coffee? Brazil
65%
The darker the coffee bean, the more caffeine it contains. False
65%
What country invented espresso? Italy
65%
What is the name of the structure on the coffee bush that contains the seeds that are called coffee beans Coffee cherries
45%
Where did the word 'Frappuccino' originate? Massachusetts
15%
No matching quizzes found
Score Distribution
Percent of People with Each Score
Percentile by Number Answered
Your Score History
You have not taken this quiz